ბათუმის შოთა რუსთაველის სახელმწიფო უნივერსიტეტის ბიბლიოთეკა

ASPEKTE NEU : (ბიბ.ჩანაწერი № 59319)

000 -LEADER
fixed length control field 00929nam a22002177a 4500
005 - DATE AND TIME OF LATEST TRANSACTION
control field 20230117151122.0
008 - FIXED-LENGTH DATA ELEMENTS--GENERAL INFORMATION
fixed length control field 230117s2016ge xxu||||| |||| 00| 0 ger d
020 ## - INTERNATIONAL STANDARD BOOK NUMBER
International Standard Book Number 9783126050418 X
041 ## - LANGUAGE CODE
Language code of text/sound track or separate title ger
080 ## - UNIVERSAL DECIMAL CLASSIFICATION NUMBER
Universal Decimal Classification number 811.112.1 A-87
245 ## - TITLE STATEMENT
Title ASPEKTE NEU :
Remainder of title Mittelstufe Deutsch. Intensivtrainer 3 mit Prüfungstraining DSH und TestDaf C1 /
Statement of responsibility, etc. Marion Lutk, Lenka Bidnenkova, Maria Militchina, Volha Petrasiuk
264 ## - PRODUCTION, PUBLICATION, DISTRIBUTION, MANUFACTURE, AND COPYRIGHT NOTICE
Place of production, publication, distribution, manufacture Stuttgard :
Name of producer, publisher, distributor, manufacturer Ernst Klett Sprachen,
Date of production, publication, distribution, manufacture, or copyright notice 2016.
300 ## - PHYSICAL DESCRIPTION
Extent 96 p.:
Other physical details ill;
Dimensions 29 cm.
Accompanying material + 1 CD.
653 ## - INDEX TERM--UNCONTROLLED
keyword ASPEKTE NEU : Mittelstufe Deutsch. Intensivtrainer 3 mit Prüfungstraining DSH und TestDaf
653 ## - INDEX TERM--UNCONTROLLED
keyword ახალი ასპექტები გერმანული ენა
700 ## - ADDED ENTRY--PERSONAL NAME
Personal name Lutk, Marion
Relator term Author
9 (RLIN) 16715
700 ## - ADDED ENTRY--PERSONAL NAME
Personal name Bidnenkova, Lenka
Relator term Author
9 (RLIN) 16716
700 ## - ADDED ENTRY--PERSONAL NAME
Personal name Militchina, Maria
Relator term Author
9 (RLIN) 16717
700 ## - ADDED ENTRY--PERSONAL NAME
Personal name Petrasiuk, Volha
Relator term Author
9 (RLIN) 16718
942 ## - ADDED ENTRY ELEMENTS (KOHA)
Source of classification or shelving scheme
Koha item type წიგნი
ეგზემპლარები
Withdrawn status Lost status Source of classification or shelving scheme Damaged status Not for loan Permanent Location Current Location Shelving location Date acquired Cost, normal purchase price Full call number Barcode Date last seen Copy number Price effective from Koha item type Public note
          ბათუმის შოთა რუსთაველის სახელმწიფო უნივერსიტეტის მთავარი ბიბლიოთეკა ბათუმის შოთა რუსთაველის სახელმწიფო უნივერსიტეტის მთავარი ბიბლიოთეკა წიგნსაცავი 2023-01-17 7.00 811.112.1 A-87 63454 2023-01-17 63454 2023-01-17 წიგნი 7ლ.50თ.